Biggest Cities in Canada - Statistics

General Stats
  • This quiz has been taken 14 times
  • The average score is 9 of 15
Answer Stats
Province: Answer % Correct
Ontario Toronto
100%
British Columbia Vancouver
100%
Quebec Quebec City
86%
Alberta Edmonton
79%
Quebec Montreal
79%
Alberta Calgary
71%
Manitoba Winnipeg
64%
Nova Scotia Halifax
50%
Ontario London
50%
Ontario Hamilton
43%
British Columbia Surrey
43%
Ontario Mississauga
36%
Ontario Ottowa
29%
Ontario Brampton
21%
Quebec Laval
14%
No matching quizzes found
Score Distribution
Percent of People with Each Score
Percentile by Number Answered
Your Score History
You have not taken this quiz